En circunstancias críticas. 1849-1850 (Record no. 102533)

MARC details
000 -LEADER
campo de control de longitud fija 02270nam a2200325 i 4500
001 - NÚMERO DE CONTROL
campo de control MOR01000102860
003 - IDENTIFICADOR DE NÚMERO DE CONTROL
campo de control $$amxcmmo
005 - FECHA Y HORA DE LA ÚLTIMA TRANSACCIÓN
campo de control 20260331230642.0
008 - DATOS DE LONGITUD FIJA--INFORMACIÓN GENERAL
campo de control de longitud fija 151027s2009 cmm g bi 000 0 spa d
035 ## - NÚMERO DE CONTROL DEL SISTEMA
Número de control de sistema 161041
040 ## - FUENTE DE CATALOGACIÓN
Centro catalogador/agencia de origen mxcmmo
Lengua de catalogación spa
Normas de descripción rda
Centro/agencia transcriptor mxcmmo
043 ## - CÓDIGO DE ÁREA GEOGRÁFICA
Código de área geográfica n-mx---
045 ## - PERIODO DE TIEMPO DEL CONTENIDO
Código de periodo de tiempo w4w5
082 04 - NÚMERO DE LA CLASIFICACIÓN DECIMAL DEWEY
Número de clasificación 320.972004
Número de ítem MEC.p
100 1# - ENTRADA PRINCIPAL--NOMBRE DE PERSONA
Nombre de persona Suárez de la Torre, Laura
Término indicativo de función/relación autor
9 (RLIN) 205653
245 10 - MENCIÓN DEL TÍTULO
Título En circunstancias críticas. 1849-1850
Resto del título : selección de cartas del Archivo Valentín Gómez Farías/
Mención de responsabilidad, etc. Laura Suárez de la Torre. -- páginas 215-242
336 ## - TIPO DE CONTENIDO
Término de tipo de contenido texto
Código de tipo de contenido txt
Fuente rdacontent
337 ## - TIPO DE MEDIO
Nombre/término del tipo de medio sin medio
Código del tipo de medio n
Fuente rdamedia
338 ## - TIPO DE SOPORTE
Nombre/término del tipo de soporte volumen
Código del tipo de soporte nc
Fuente rdacarrier
500 ## - NOTA GENERAL
Nota general En: Mecánica política: para una relectura del siglo XIX mexicano. -- México : Instituto Mora, 2006.
520 3# - RESUMEN, ETC.
Sumario, etc. Disertación alusiva a la correspondencia que, el estadista mexicano Valentín Gómez Farías, mantuvo con otros personajes de la política mexicana durante los turbulentos años posteriores al fin de la guerra contra Estados Unidos. Comenta cómo, a través de la lectura de estas fuentes, se puede descubrir una perspectiva diferente sobre las aspiraciones e ideales del grupo liberal ante su pérdida en el terreno político nacional del momento. Precisa el parecer de sus contemporáneos quienes lo apreciaron como un oráculo político, guía en la corriente de la agitada vida política decimonónica mexicana. Reconoce su larga, amplia, congruente y fructífera actuación en la formación de la, al final triunfante, facción liberal. Presenta una pequeña muestra epistolar de Gómez Farías y afirma que la riqueza contenida en este archivo ofrece un material, objeto de análisis, a través del cual, se replantee la visión estereotipada de la historiografía de la actividad pública de entonces
600 17 - PUNTO DE ACCESO ADICIONAL DE MATERIA--NOMBRE DE PERSONA
Nombre de persona Gómez Farías, Valentín
Títulos y otros términos asociados al nombre pres. de México
Fechas asociadas al nombre 1781-1858
Subdivisión general Correspondencia, memorias, etc
9 (RLIN) 52972
650 #7 - PUNTO DE ACCESO ADICIONAL DE MATERIA--TÉRMINO DE MATERIA
Término de materia o nombre geográfico como elemento de entrada Estadistas
Subdivisión geográfica México
Subdivisión general Correspondencia, memorias, etc
9 (RLIN) 115230
650 #7 - PUNTO DE ACCESO ADICIONAL DE MATERIA--TÉRMINO DE MATERIA
Término de materia o nombre geográfico como elemento de entrada México
Subdivisión general Política y gobierno
Subdivisión cronológica 1846-1853
Subdivisión general Fuentes
9 (RLIN) 182138
900 ## - ELEMENTOS DE DATOS A LOCAL, LDA (RLIN)
Nombre de persona CATY
Numeración CRON CRON
Títulos y otros términos asociados al nombre 20170327
Lenguaje de la obra MOR01
-- 1132
900 ## - ELEMENTOS DE DATOS A LOCAL, LDA (RLIN)
Nombre de persona CECY
Numeración 30
Títulos y otros términos asociados al nombre 20160708
Lenguaje de la obra MOR01
-- 1445
900 ## - ELEMENTOS DE DATOS A LOCAL, LDA (RLIN)
Nombre de persona KLASY
Numeración 30
Títulos y otros términos asociados al nombre 20170322
Lenguaje de la obra MOR01
-- 1420
904 ## - ELEMENTOS DE DATOS D LOCAL, LDD (RLIN)
a UPDATE
942 ## - ELEMENTOS DE ENTRADA SECUNDARIOS (KOHA)
Código de la institución [OBSOLETO] BK
901 ## - ELEMENTOS DE DATOS A LOCAL LDA (RLIN)
a batch batch
Holdings
Estatus retirado Estado de pérdida Fuente del sistema de clasificación o colocación Especificación de materiales (volumen encuadernado u otra parte) Estado de daño No para préstamo Colección Biblioteca de origen Biblioteca actual Ubicación en estantería Fecha de adquisición Fuente de adquisición Total de préstamos Signatura topográfica completa Código de barras Visto por última vez Precio de reemplazo Tipo de ítem Koha Nota pública
    Clasificación Decimal Dewey Rayado con lápiz (27 mar 17)     Publicaciones Mora (General) Biblioteca Instituto Mora Biblioteca Instituto Mora Regular 27/03/2017     (GM)/320.972004 MEC.p 104253-10 03/09/2024 03/09/2024 Libro préstamo regular ANALITICA